000
00205 a2200097 4500
001
4225
100
_a
Judge,A.W
245
_a
Motor vehicle engine servicing
260
_a
_b
Pitman
_c
090
_c
3442
_d
3442
942
_a
NUST-CAE
_c
M
_c
27136
999
_c
239298
_d
239298